00295pab a2200121 454500008004000000100001700040245004700057260000900104300001300113362001100126650002100137773001500158180718b1999 xxu||||| |||| 00| 0 eng d aBailey, S.H. aPersonal liability in local government law c1999 ap.461-76 aAutumn aLocal government aPublic Law